000 00367nam a2200157Ia 4500
008 230917s9999||||xx |||||||||||||| ||und||
020 _cRS13.5
040 _e138120
_aMAIN
041 _aEnglish
082 _a823.09 M294 A:M
100 _aAmur, G S
245 0 _aManohar Malgonkar
260 _aLondon
_bArnold-Heinemann
_c1973
300 _a155 p.
942 _cBK
999 _c185663
_d185663